Realizácia bankových obchodov v komerčnej banke + CD-ROM

Na minha lista:
Detalhes bibliográficos
Autor principal: Rašová, Katarína
Formato: Livro
Idioma:eslovaco
Publicado em: Bratislava STU v Bratislave FCHPT 2005
Acesso em linha:View in OPAC
Tags: Adicionar Tag
Sem tags, seja o primeiro a adicionar uma tag!

MARC

LEADER 00000nam a2200000 a 4500
005 20260127133946.0
008 050624 2005 xo 000 0 slo d
035 |a vtls008162615 
039 9 |y 200506241021  |z mschk03 
040 |a STUSCHK1  |b slo  |c STUSCHK1  |e AACR2 
100 1 |a Rašová, Katarína 
245 1 |a Realizácia bankových obchodov v komerčnej banke  |b + CD-ROM 
260 |a Bratislava  |b STU v Bratislave FCHPT  |c 2005 
300 |a 79 s. 
500 |a Obháj.: 7.6. 2005 
500 |a Špec.: Manažment chemických a potravinárskych podnikov 
910 |a SCHK95 
999 |c 921  |d 921